Snow prediction in the eastern United States /

Bibliographic Details
Corporate Authors: United States. Weather Bureau. Techniques Development Laboratory, New York University. Snow Prediction Project
Other Authors: Spar, Jerome, 1918-
Format: Book
Language:English
Published: New York, N.Y. : Dept. of Meteorology and Oceanography, New York University, [1968]
Series:Geophysical Sciences Laboratory report ; no. 68-10.
Subjects:

MARC

Tag First Indicator Second Indicator Subfields
LEADER 00000cam a2200000Ia 4500
001 in00001819321
005 20151026064753.0
008 910820s1968 nyuab b s000 0 eng d
035 |a (OCoLC)ocm24256793 
040 |a KKU  |c KKU  |d TXA  |d UtOrBLW 
049 |a TXAM 
090 |a QC801  |b .N4 no.68-10 
245 0 0 |a Snow prediction in the eastern United States /  |c Jerome Spar [and others]. 
264 1 |a New York, N.Y. :  |b Dept. of Meteorology and Oceanography, New York University,  |c [1968] 
300 |a iv, 80 pages :  |b illustrations, maps ;  |c 28 cm. 
336 |a text  |b txt  |2 rdacontent 
337 |a unmediated  |b n  |2 rdamedia 
338 |a volume  |b nc  |2 rdacarrier 
490 1 |a Geophysical Sciences Laboratory report ;  |v no. GSL-TR-68-10 
500 |a "July 1968." 
500 |a "Final report contract number E-1-68 (N), Weather Bureau, Environmental Sciences Services Administration." 
500 |a Prepared for Techniques Development Laboratory, Weather Bureau by the Snow Prediction Project, New York University. 
500 |a "Geophysical Sciences Laboratory report number GSL-TR-68-10"--Cover. 
504 |a Includes bibliographical references (page 79). 
650 0 |a Precipitation forecasting  |z East (U.S.) 
650 0 |a Snow  |z East (U.S.) 
700 1 |a Spar, Jerome,  |d 1918- 
710 1 |a United States.  |b Weather Bureau.  |b Techniques Development Laboratory. 
710 2 |a New York University.  |b Snow Prediction Project. 
830 0 |a Geophysical Sciences Laboratory report ;  |v no. 68-10. 
948 |a cataloged  |b h  |c 2004/6/10  |d c  |e jgreene  |f 4:33:50 pm 
994 |a E0  |b TXA 
999 |a MARS 
999 f f |s 99e04f76-efc0-3d1e-914c-ea2f8e362bec  |i 7f3e3469-9057-32bd-9dd4-7f090a853355  |t 0 
952 f f |p ric  |a Texas A&M University  |b Rellis Campus  |c Joint Library Facility  |d Remote Storage  |t 0  |e QC801 .N4 no.68-10  |h Library of Congress classification  |i unmediated -- volume  |m A14831977279 
998 f f |a QC801 .N4 no.68-10  |t 0  |l Remote Storage